[Event "Leuze-en-Hainaut Individuels 2019"]
[Site "?"]
[Date "2019.05.30"]
[Round "2"]
[White "Real, Thibault"]
[Black "Iolis, Oleg"]
[Result "1-0"]
[WhiteElo "2279"]
[BlackElo "2216"]
[Annotator "Etienne Cornil"]
[PlyCount "77"]
[SourceDate "2019.06.19"]

1. d4 Nf6 2. Bf4 g6 3. Nc3 d5 4. e3 Bg7 5. h4 c5 6. Nb5 Na6 7. c3 h5 (7... O-O
8. h5 Bd7 9. hxg6 fxg6 10. Nf3 Qb6 11. a4 Rac8 12. Be5 c4 13. b3 Bxb5 14. axb5
Qxb5 15. bxc4 dxc4 16. Nd2 Nd5 17. Qg4 {
(Aronian L. - Nepomniachtchi I., Internet 2017)}) 8. Be2 O-O 9. Nf3 Bf5 10. O-O
Ne8 11. a4 Nac7 12. Re1 Ne6 13. Bh2 a6 14. Na3 Nf6 15. Ne5 Nd7 16. Bf3 Nxe5 17.
dxe5 Be4 18. Bxe4 dxe4 19. Qc2 Qd5 20. c4 Qc6 21. Nb1 b5 22. b3 bxc4 23. bxc4
Rab8 24. Nc3 Rb7 25. Nd5 Rfb8 26. Qxe4 Kf8 27. a5 Rb4 (27... Rb2 28. Rab1 R8b3
29. Rxb2 Rxb2 30. Qd3 Qa4 31. Rd1 Qc2 {et la partie est loin d'A|_tre finie ...
}) 28. Rab1 Qb7 29. Rxb4 cxb4 30. Qf3 b3 ({Il fallait s'en prendre au pion c4 :
} 30... Rc8 31. Rc1 (31. Qe2 b3 32. Rb1 Nc5 33. Qb2 $14) 31... b3 32. Qd1 b2
33. Rb1 Rxc4 34. Nb6 Rb4 $11) 31. Rb1 Rd8 32. e4 Nd4 33. Qe3 Qa7 34. Rxb3 e6
35. Rb6 Nc2 36. Rd6 Qb8 37. Qb6 Rc8 38. Nf6 Qa8 39. Rd8+ 1-0

[Event "Leuze-en-Hainaut Individuels 2019"]
[Site "?"]
[Date "2019.06.01"]
[Round "6"]
[White "Parreira, Luis Miguel"]
[Black "Dumont, Andre"]
[Result "0-1"]
[WhiteElo "1909"]
[BlackElo "1910"]
[Annotator "Etienne Cornil"]
[PlyCount "42"]
[SourceDate "2019.06.19"]

1. e4 e5 2. Nf3 Nc6 3. Bb5 f5 {(Le fameux gambit JANnisch dont le belge Josef
Boey A tait le grand spA cialiste)} 4. d3 (4. Nc3) (4. d4) 4... fxe4 5. dxe4
Nf6 6. O-O Bc5 7. Bg5 d6 8. Nc3 O-O 9. Nd5 Kh8 10. c3 Ne7 11. Nxf6 gxf6 12. Bh6
Rg8 13. Bc4 Rg6 14. Qd2 d5 (14... Ng8 15. Be3 Bxe3 16. Qxe3 f5 17. exf5 Bxf5
18. Bd3 Bxd3 19. Qxd3 Qf6 {(Moiseenko V. - Kalinichev A., Raskazovo 2016)}) 15.
Bxd5 Nxd5 16. exd5 Bh3 17. Nh4 Rg4 18. Be3 (18. Kh1 Rxh4 (18... Qd7) 19. gxh3
Qd7 20. Rg1 Bf8 21. Bxf8 Rxf8 22. Rg3 Rxh3 23. Qd3 Rxg3 24. fxg3 $11) 18... f5
19. Kh1 $2 (19. Bxc5 Qxh4 20. g3 Bxf1 21. Rxf1 b6 22. Qe2 Qf6 (22... bxc5 23.
Qxe5+ Kg8 24. Qe6+ Kg7 25. f3 Rg5 26. Qe5+ Kh6 27. Qf6+ Kh5 28. Qf7+ $11) 23.
Be3 Re8 $15) 19... Qxh4 20. gxh3 Qxh3 21. Rg1 Qf3+ 0-1

[Event "Leuze-en-Hainaut Individuels 2019"]
[Site "?"]
[Date "2019.05.30"]
[Round "4"]
[White "Harutyunyan, Axel"]
[Black "Soubirou, Oriane"]
[Result "1-0"]
[WhiteElo "1953"]
[BlackElo "2123"]
[Annotator "Etienne Cornil"]
[PlyCount "99"]
[SourceDate "2019.06.19"]

1. e4 g6 2. d4 Nf6 3. e5 Nh5 4. Be2 (4. Nf3 d6 5. Be2 Nc6 6. exd6 exd6 7. O-O
Bg7 8. Bg5 Bf6 9. Bh6 Ng7 10. d5 Nf5 11. Bc1 Ne5 12. Nbd2 Nd7 13. Ne4 {
(Bacrot Etienne - Rapport R., Calvi 2013)}) 4... d6 (4... Ng7 5. Nf3 d5 6. h3
h5 7. O-O c6 8. b3 a5 9. c4 Na6 10. Nc3 Nc7 11. cxd5 Nxd5 12. Nxd5 cxd5 13. Ng5
Bd7 14. Bd3 Ne6 15. Qf3 $16 {(Lautier JoA<<l - Miles Tony, Biel 1996)}) 5. Bxh5
gxh5 6. Qxh5 dxe5 7. Qxe5 Rg8 8. Qe4 (8. Ne2 Nd7 9. Qd5 c6 10. Qf3 Nf6 11. h3
$11) 8... Rg6 (8... f5 9. Qh4 Rxg2 10. Qh5+ Rg6 11. Qxh7 Qd6 $14 {
avec une position vraiment inhabituelle}) 9. Ne2 Re6 10. Qh4 Nc6 11. Be3 Nb4
12. Na3 Qd5 13. O-O $14 Re4 $6 (13... Qf5) 14. Qxh7 $16 Bf5 15. Qh5 ({
La dame en h8 permettait une fourchette en c3 par la suite :} 15. Qh8 O-O-O (
15... Qe6 16. Ng3 $16) 16. Nc3 Qc6 17. Nxe4 Bxe4 18. f3 Bxc2 19. Rfc1 Qg6 20.
d5 $16) 15... Bg6 16. Qxd5 Nxd5 17. Nc3 Nxc3 18. bxc3 O-O-O 19. Nc4 f6 20. Nb2
Re6 21. Nd3 Rc6 22. Nf4 (22. Bd2 $14) 22... Bf7 $11 23. Ne2 Bc4 24. Rfe1 e5 25.
h4 Ba3 26. Rab1 Rg8 27. Ng3 Bd5 (27... exd4 28. Bxd4 Ra6 29. h5 $14) 28. dxe5
Rxc3 29. Rbd1 Bc6 $18 (29... c6 30. exf6 Rxc2 31. Bxa7 $16) 30. exf6 Bd6 31.
Bg5 Rxc2 32. Nf5 Rf8 33. Nxd6+ cxd6 34. Rxd6 Kc7 35. Rd4 Rxa2 36. Re7+ Kb6 37.
f7 Kc5 38. Rd3 Kc4 39. Rd6 Bd5 40. Rf6 Ra6 41. Rf4+ Kb3 42. Rd7 Bc4 43. Rxb7+
Rb6 44. Rxa7 Bd5 45. h5 Kc2 46. h6 Rg6 47. Rf5 Be4 48. Re5 Kd3 49. Rd7+ Kc2 50.
Rxe4 1-0

[Event "Leuze-en-Hainaut Individuels 2019"]
[Site "?"]
[Date "2019.05.30"]
[Round "4"]
[White "Deneyer, Frank"]
[Black "Macai, Ioan"]
[Result "1-0"]
[WhiteElo "1835"]
[BlackElo "1944"]
[Annotator "Etienne Cornil"]
[PlyCount "63"]
[SourceDate "2019.06.19"]

1. e4 c5 2. d4 cxd4 3. c3 dxc3 4. Nxc3 Nc6 5. Nf3 d6 6. Bc4 e6 7. O-O a6 (7...
Nf6 8. Qe2 Be7 9. Rd1 e5 10. h3 O-O 11. Be3 Be6 12. Bxe6 fxe6 13. Rac1 Rc8 14.
a3 a6 15. Na4 Nd7 16. b4 b5 17. Nc3 {(Hedke F. - Najer E.,Groningen 1998)}) 8.
Qe2 Be7 9. Rd1 Bd7 10. Bf4 Qc7 $6 $14 (10... e5 11. Be3 Nf6 12. Rac1 O-O $11)
11. Rac1 (11. e5 $1) 11... Nf6 12. Bb3 e5 13. Be3 Qb8 14. Bb6 Bg4 15. Nd5 $14
Nxd5 $6 (15... Bd8 {est probablement la seule faAPon de rA sister quelque peu :
} 16. h3 Be6 17. Ba4 $14) 16. exd5 Nd8 17. Ba4+ Kf8 18. Rc7 $16 f6 19. h3 Bh5 (
19... Bxf3 20. Qxf3 Nf7 21. Qg4 $18) 20. Bd7 Be8 21. Rdc1 Bxd7 22. Rxd7 Nf7 23.
Rcc7 Qe8 24. Nd4 $18 Bd8 25. Ne6+ Kg8 26. Qg4 g5 (26... g6 27. Nxd8 Rxd8 28.
Rxf7 Qxf7 29. Rxf7 Kxf7 30. Qe6+) 27. Rxf7 Qxf7 28. Rxf7 Kxf7 29. Nxd8+ (29.
Qh5+ {gagne encore plus vite}) 29... Raxd8 30. Qe6+ Kg6 31. Bxd8 Rxd8 32. Qe7
1-0

[Event "Leuze-en-Hainaut Individuels 2019"]
[Site "?"]
[Date "2019.06.01"]
[Round "5"]
[White "Marlier, Gaetan"]
[Black "Parreira, Luis Miguel"]
[Result "1-0"]
[WhiteElo "2113"]
[BlackElo "1909"]
[Annotator "Etienne Cornil"]
[PlyCount "43"]
[SourceDate "2019.06.19"]

1. e4 e6 2. d4 d5 3. e5 c5 4. c3 Nc6 5. Nf3 Qb6 6. Bd3 Bd7 7. O-O cxd4 8. Re1 (
{Un coup trA..s rare qui donne un pion tout en conduisant les Noirs en terrain
glissant. Habituellement, on joue davantage :} 8. cxd4 Nxd4 9. Nxd4 Qxd4 10.
Nc3 a6 11. Qe2 Ne7 12. Kh1 Nc6 13. f4 Nb4 14. Rd1 Nxd3 15. Rxd3 Qb6 16. Be3 Bc5
17. Bxc5 Qxc5 18. f5 {(Aldama D. - Huerta R., Merida 1998)}) 8... dxc3 (8...
Nge7 9. h4 h6 10. h5 Rc8 11. Bc2 dxc3 12. Nxc3 d4 13. Na4 Qc7 14. Be4 {
(Hector J. - Roiz M., Helsingor 2008)}) 9. Nxc3 a6 10. h4 h6 11. h5 Bb4 12. Bd2
(12. Be3) 12... Rc8 13. Rc1 Na5 (13... Nge7 14. Be3) 14. Be3 Qd8 15. Nd4 Nc4
16. Bb1 $6 (16. Bxc4 Rxc4 17. Qg4 Kf8 $14) 16... Bxc3 (16... Qh4 17. Qb3 (17.
g3 Qh3 18. Qb3 a5 19. a3 Bc5 $15) 17... Nxe3 18. fxe3 Rc4 $15) 17. Rxc3 Nxe5 (
17... Nxe3 18. Rexe3 Rxc3 19. Rxc3 Qg5 $11) 18. Bf4 $14 Rxc3 $2 19. Bxe5 f6 20.
Bg6+ Ke7 21. Nf5+ Kf8 22. Bd6+ 1-0

[Event "Leuze-en-Hainaut Individuels 2019"]
[Site "?"]
[Date "2019.06.01"]
[Round "5"]
[White "Delescaille, Laurent"]
[Black "Gonze, Philippe"]
[Result "1-0"]
[WhiteElo "1759"]
[BlackElo "1899"]
[Annotator "Etienne Cornil"]
[PlyCount "85"]
[SourceDate "2019.06.19"]

1. c4 e6 2. e4 d5 3. exd5 exd5 4. d4 Nf6 5. Nc3 Bb4 6. Nf3 O-O 7. Bd3 Re8+ 8.
Be3 Be6 ({Les Noirs n'ont pas de raison pratique d'obstruer de la sorte la
colonne A . Il fallait jouer :} 8... dxc4 9. Bxc4 Be6 {
(ici le coup est possible car il y a un vis-A -vis en c4)} 10. Bxe6 Rxe6 11.
O-O Nbd7 12. Bg5 h6 13. Bh4 c6 14. Qb3 Qb6 {
(Miezis N. - Hansen B., Copenhague 2004)}) 9. Ng5 Bg4 10. Qc2 h6 11. h3 hxg5
12. hxg4 dxc4 13. Be2 (13. Bh7+ Kf8 14. O-O-O Nc6 {
et tout est possible pour les deux camps ...}) 13... Nc6 14. O-O-O Bxc3 15.
bxc3 Qe7 16. Bxc4 Qe4 (16... b5 17. Bb3 Na5 18. Bxg5 Nxb3+ 19. Qxb3 Qe6 $14)
17. Qb3 Re7 18. Bxg5 (18. Rh3 Nxg4 19. Rdh1 Nh6 20. Bxg5 Na5 21. Qb4 Nxc4 22.
Qxe7 Qxe7 23. Bxe7 Re8 24. Bf6 $16) 18... Na5 19. Bxf7+ Rxf7 20. Rh8+ Kxh8 21.
Qxf7 Qe8 $6 (21... Nh7 22. Rh1 Qxg2 23. Qh5 Qe4 {Donne une position complexe})
22. Rh1+ Nh7 23. Qf5 g6 24. Qxa5 Qd7 25. Qe5+ Kg8 26. Qe7 Qxe7 27. Bxe7 Re8 28.
Bh4 Re2 29. Kb1 g5 30. Bg3 Nf6 31. Be5 Rxf2 (31... Nd5 32. Rh3 Rxf2 33. c4 $14)
32. Bxf6 Rxf6 33. Rh5 Rg6 34. Kc2 Kg7 35. Kd3 Kf6 36. Rh7 Rg7 37. Rxg7 Kxg7 38.
Ke4 Kf6 39. Kd5 a6 40. c4 b5 41. cxb5 axb5 42. Kc5 Ke6 43. Kxb5 1-0

[Event "Leuze-en-Hainaut Individuels 2019"]
[Site "?"]
[Date "2019.05.30"]
[Round "2"]
[White "Henrotte, Christian"]
[Black "Lefebvre, Jeremie"]
[Result "1-0"]
[WhiteElo "1608"]
[BlackElo "1838"]
[Annotator "Etienne Cornil"]
[PlyCount "89"]
[SourceDate "2019.06.19"]

1. Nf3 Nf6 2. d4 e6 3. g3 d5 4. Bg2 Bd6 5. O-O Nbd7 6. Nbd2 O-O 7. e4 ({
Cette avance en e4 ne connait pas de succA..s A  haut niveau oA>= on lui prA
fA..re :} 7. c4 c6 8. Qc2 Re8 9. b3 e5 10. cxd5 cxd5 11. dxe5 Nxe5 12. Bb2 {
(VescoviG. - Santiago Y., Rio de Janeiro 2007)}) 7... dxe4 8. Ng5 c5 (8... e3
9. fxe3 e5 {est A  considA rer}) 9. Ndxe4 Be7 10. Be3 cxd4 11. Bxd4 h6 12.
Nxf6+ Bxf6 13. Ne4 Bxd4 14. Qxd4 Qc7 15. c4 Nb6 16. b3 Rd8 17. Qc5 Qb8 18. Rfd1
Bd7 19. Nd6 $16 Bc6 20. Bxc6 Qc7 $4 21. Nb5 ({
Les Blancs avaient un gain immA diat avec :} 21. Nxb7 Rxd1+ 22. Rxd1 Rc8 23.
Na5 $18) 21... Rxd1+ 22. Rxd1 Qxc6 23. Qxc6 bxc6 24. Nc3 Kf8 25. Kf1 Ke7 26.
Ke2 a5 27. Ke3 a4 28. Kd4 axb3 29. axb3 Nd7 (29... Ra3 30. Rb1 $11 (30. Rd3
Rxb3 31. Nd5+ cxd5 32. Rxb3 Nxc4 $11)) 30. Na4 Ra5 31. f4 e5+ 32. fxe5 Rxe5 33.
Rd3 f5 34. Re3 Rxe3 35. Kxe3 Ke6 $11 36. Nc3 Ke5 37. b4 Nb6 38. Kd3 g5 39. Ne2
f4 $6 (39... Na4 40. Nd4 Nb2+ 41. Kc3 Nd1+ 42. Kd3 Nf2+ 43. Ke3 Nd1+ $11) 40.
gxf4+ gxf4 41. Nd4 $16 c5 42. bxc5 Nd7 (42... Na4 43. c6 Kd6 44. Ke4 Nb6 45.
Kxf4 Nxc4 {et il serait bien utile d'avoir l'avis A clairA  d'un fort joueur
sur cette finale ...}) 43. c6 Nc5+ 44. Ke2 Na6 (44... Kd6 45. Kf3 Na4 46. Kxf4
Nb6 47. Kf5 Nxc4 48. Kg6 $18) 45. Nb5 1-0

[Event "Leuze-en-Hainaut Individuels 2019"]
[Site "?"]
[Date "2019.05.29"]
[Round "1"]
[White "Soubirou, Oriane"]
[Black "Giansante, Pepino"]
[Result "1-0"]
[WhiteElo "2123"]
[BlackElo "1547"]
[PlyCount "39"]
[SourceDate "2019.06.19"]

1. e4 e5 2. Bc4 Nf6 3. Nc3 Bb4 4. a3 Bxc3 5. dxc3 d6 6. Bg5 h6 7. Bh4 g5 8. Bg3
Nc6 9. Qe2 Qe7 10. O-O-O Be6 11. Bb5 Bd7 12. h4 O-O-O 13. f3 a6 14. Bxa6 $1
bxa6 15. Qxa6+ Kb8 16. Bf2 Qe8 17. hxg5 hxg5 18. Rxh8 Qxh8 19. c4 Qe8 20. Rd3
1-0

[Event "Leuze-en-Hainaut Individuels 2019"]
[Site "?"]
[Date "2019.06.01"]
[Round "5"]
[White "Piacentini, Claudio"]
[Black "Chauvon, Guillaume"]
[Result "0-1"]
[WhiteElo "2140"]
[BlackElo "2028"]
[Annotator "Etienne Cornil"]
[PlyCount "66"]
[SourceDate "2019.06.19"]

1. e4 e5 2. Nf3 Nc6 3. Nc3 Nf6 4. d4 exd4 5. Nxd4 Bb4 6. Nxc6 bxc6 7. Bd3 d5 8.
exd5 cxd5 9. O-O O-O 10. Bg5 c6 11. Qf3 Be7 12. h3 Rb8 (12... h6) 13. Ne2 (13.
b3 Be6 14. Ne2 h6 15. Bf4 Bd6 16. Nd4 Rb6 17. Rfe1 Re8 18. Bxd6 Qxd6 19. Nf5 {
1/2 (Van Haastert E. - Geirnaert S., Pays-Bas 2017)}) (13. Rab1 Be6 14. Rfe1 h6
15. Bf4 Bd6 16. b3 Rb4 17. Ne2 {1/2 (Indjic A. - Drazic S., Autriche 2015)})
13... h6 (13... Rxb2 14. Nd4 Rb6 {et il serait intA ressant de voir ce que les
Blancs avaient prA vu sur cette ligne ...}) 14. Bf4 (14. Bxh6 gxh6 15. Qg3+ Bg4
(15... Kh8 16. Qxb8 $18) 16. hxg4 $14) 14... Bd6 15. Nd4 Qc7 16. Bxh6 Be5 17.
Be3 Rxb2 18. Rab1 Rxa2 19. g4 g6 20. Nb3 Ba6 21. Bxa6 Rxa6 22. Bc5 (22. Nc5 {
semble un meilleur choix}) 22... Rb8 $17 23. Rbe1 Ra4 24. Qe3 Nxg4 $1 25. hxg4
Rxg4+ 26. Kh1 Kg7 27. Qh3 Rh8 28. Qxh8+ Kxh8 29. Re3 Qd8 30. Rh3+ Rh4 31. Kg2
Rxh3 32. Kxh3 Qd7+ 33. Kh4 Qf5 0-1

[Event "Leuze-en-Hainaut Individuels 2019"]
[Site "?"]
[Date "2019.06.01"]
[Round "5"]
[White "Marechal, Georges"]
[Black "Castellana, Michael"]
[Result "1-0"]
[WhiteElo "1605"]
[BlackElo "1696"]
[Annotator "Etienne Cornil"]
[PlyCount "21"]
[SourceDate "2019.06.19"]

1. e4 d5 2. exd5 Nf6 3. Nf3 Qxd5 (3... Nxd5 {
est plus populaire mais tout cela reste, bien sA>>r, une question de choix}) 4.
d4 Nc6 5. c4 Qh5 6. Be2 Bg4 7. O-O O-O-O 8. h3 Ne5 $2 ({
La position est connue de la thA orie :} 8... Nxd4 $1 9. Nxd4 Bxe2 10. Qxe2
Rxd4 $15 {(Cabrera T. - Sarmiento A., Las Palmas 2005)}) 9. hxg4 Nfxg4 10. Bf4
$18 Rd6 11. Nxe5 1-0

[Event "Leuze-en-Hainaut Individuels 2019"]
[Site "?"]
[Date "2019.06.01"]
[Round "5"]
[White "Deneyer, Frank"]
[Black "Harutyunyan, Axel"]
[Result "0-1"]
[WhiteElo "1835"]
[BlackElo "1953"]
[Annotator "Etienne Cornil"]
[PlyCount "84"]
[SourceDate "2019.06.19"]

1. e4 c5 2. d4 cxd4 3. c3 dxc3 4. Nxc3 Nc6 5. Nf3 g6 6. e5 Bg7 7. Bc4 Nxe5 8.
Nxe5 Bxe5 9. Bxf7+ Kxf7 ({
Il est difficile de formuler un avis sur la variante suivante :} 9... Kf8 10.
Bxg8 Rxg8 11. Bh6+ Bg7 12. Qf3+ Ke8 13. Bxg7 Rxg7 14. Nd5 e6 15. Qc3 Kf8 16.
Nc7 Rb8 17. Rc1 $13) 10. Qd5+ Kg7 11. Qxe5+ Nf6 12. O-O d6 13. Qd4 h6 (13...
Rf8 14. Re1 Bd7 15. Bg5 Bc6 16. Re6 h6 17. Bxf6+ exf6 18. Rae1 {
(Zelic M. - Cebalo M., Croatie 1995)}) 14. b3 (14. Rd1 $11) 14... Bd7 15. Bb2
Bc6 16. Rad1 Qb6 17. Qc4 Rae8 18. b4 $6 (18. Nd5 Bxd5 19. Qxd5 Rhf8 20. Rfe1
Kh7 21. Qe6 $11) 18... a6 19. a4 Rhf8 20. b5 axb5 21. axb5 Bd7 22. Rfe1 Kh7 23.
Qd4 Qxd4 24. Rxd4 Rf7 25. Rc4 Rc8 26. Rxc8 Bxc8 27. Ra1 Kg8 28. Ra8 Rf8 29. Ra7
(29. Bc1 Kg7 30. Be3 g5 31. f3 Bf5 $15) 29... Kf7 30. Na4 Nd7 31. Bd4 e5 32.
Be3 g5 33. h4 Rg8 34. hxg5 hxg5 35. Nc3 Ke6 36. Ne4 g4 37. Ng5+ Ke7 38. Ne4 (
38. Ra4 Nf6 $15) 38... d5 39. Nc5 d4 40. Nxd7 dxe3 41. Nxe5 e2 42. Ra1 Rd8 0-1

[Event "Leuze-en-Hainaut Individuels 2019"]
[Site "?"]
[Date "2019.05.19"]
[Round "3"]
[White "Moens, Bernard"]
[Black "Gkionis, Athanasios-Nektario"]
[Result "1-0"]
[WhiteElo "1612"]
[BlackElo "1680"]
[Annotator "Etienne Cornil"]
[PlyCount "157"]
[SourceDate "2019.06.19"]

1. d4 d5 2. Nf3 Bf5 3. c4 e6 4. Nc3 c6 5. e3 Bd6 (5... Nf6 6. Nh4 Bg6 7. Nxg6
hxg6 8. Bd2 Nbd7 9. g3 Bd6 10. Qe2 O-O 11. Bg2 dxc4 12. Qxc4 e5 13. dxe5 Nxe5
14. Qe2 Be7 15. O-O Qd3 16. Rfd1 Rad8 17. Be1 {
(Tregubov P. - Sokolov I., Reykjavik 2003)}) 6. Bd3 Bg6 7. O-O Nf6 8. h3 Nbd7
9. Re1 Ne4 10. Qc2 f5 11. Nd2 Qh4 12. Ndxe4 fxe4 13. Bf1 O-O 14. c5 $2 (14. Nd1
Rxf2 15. Nxf2 (15. Qxf2 Bg3 16. Qc2 Bxe1 $17) 15... Qg3 16. Ng4 Qxe1 $17) 14...
Bc7 ({Les Noirs vont avoir l'opportunitA  de prendre le pion en f2 durant
plusieurs coups :} 14... Rxf2 $1 15. Qxf2 (15. Ne2 Bg3 $17) 15... Bh2+ 16. Kxh2
Qxf2 $19) 15. b4 Rf7 16. Bb2 Raf8 17. Re2 Qg5 (17... Bh5 18. Rd2 Rxf2 19. Rxf2
Rxf2 20. Qxf2 Bh2+ $19) 18. g3 Bxg3 $1 19. fxg3 Qxg3+ 20. Bg2 (20. Rg2 Qxe3+
21. Kh2 Rf3 {0-1}) 20... Bh5 21. Rd2 (21. Qd2 {(Il faut dA fendre e3)} 21...
Bxe2 22. Nxe2 Qf2+ 23. Kh1 Qh4 $17) 21... Qxe3+ 22. Kh2 Qf4+ 23. Kh1 Bf3 24.
Rg1 Qg3 ({Une autre manoeuvre menait A galement A  la victoire :} 24... Qh4 25.
Kh2 Bxg2 26. Rgxg2 Rf3 {0-1}) 25. Bxf3 Qxh3+ 26. Rh2 Qxf3+ $17 27. Qg2 e3 28.
Qxf3 ({Bien plus rA sistant A tait :} 28. Nd1 Qxg2+ 29. Rhxg2 $11) 28... Rxf3
29. Bc1 $6 (29. Nd1 $15) 29... e5 30. dxe5 Nxe5 31. Ne2 Nd3 32. Nd4 Rf2 ({
Le cavalier devait bondir en f2 :} 32... Nf2+ 33. Kg2 R3f4 34. Ne2 Rg4+ 35. Ng3
d4 $19) 33. Bxe3 $11 Rxh2+ 34. Kxh2 Nxb4 35. Rb1 {(=)} 35... a5 36. a3 Re8 37.
Bg1 (37. axb4 Rxe3 38. bxa5 Re7 $16) 37... Nd3 38. Rxb7 Nxc5 39. Rc7 Ne6 40.
Rxc6 Nxd4 41. Bxd4 Re4 42. Rc8+ Kf7 43. Rc7+ Ke6 44. Bxg7 Kd6 45. Ra7 a4 46.
Bf8+ Kc6 47. Bb4 Kb5 48. Ra5+ Kc4 49. Rxa4 d4 50. Ra7 h5 51. Rc7+ Kb3 52. Rd7
Kc4 (52... Kc2 53. Kg3 d3 54. Kf3 Rc4 {
et il y a encore du travail pour les Blancs avant de marquer le point ...}) 53.
Rc7+ Kb5 $6 {(Notons que si les Noirs parviennent A  A changer les tours, la
position est nulle : le roi noir devant juste aller se rA fugier en a8)} 54.
Rc5+ Ka4 55. Rxh5 d3 56. Rd5 Re2+ 57. Kg3 d2 58. Kf3 Rh2 59. Bd6 Rh7 60. Rxd2
Kb3 61. Bb4 Rf7+ 62. Ke4 Rh7 63. Rd8 Rc7 64. Kd3 Ka4 65. Ra8+ Kb5 66. Ra5+ Kb6
67. Rd5 Rh7 68. Kc4 Rh4+ 69. Kb3 Rh3+ 70. Ka4 Rh4 71. Rd6+ Kc7 72. Rf6 Rh8 73.
Kb5 Rh7 74. a4 Kb7 75. a5 Rh5+ 76. Bc5 Rh1 77. Rf7+ Kc8 78. a6 Rb1+ 79. Kc6 {
Un trA..s beau combat !} 1-0

[Event "Interclubs Francophonie 2019"]
[Site "?"]
[Date "2019.05.19"]
[Round "3"]
[White "Hoffmeister, Frank"]
[Black "Dumont, Andre"]
[Result "1-0"]
[WhiteElo "2175"]
[BlackElo "1935"]
[Annotator "Frank Hoffmeister"]
[PlyCount "103"]
[SourceDate "2019.06.19"]

1. d4 d5 2. c4 e6 3. Nf3 Nf6 4. g3 Be7 5. Bg2 O-O 6. O-O b6 7. cxd5 (7. Nc3 Bb7
8. Ne5) 7... exd5 8. Nc3 Bb7 9. Ne5 Ne4 10. Be3 (10. Nxe4 dxe4 11. Qc2 $1 f5 (
11... Qxd4 $2 12. Qxc7) 12. Bf4 Na6 13. Nc6 Bxc6 14. Qxc6 $14 Qxd4 15. Rfd1
Qxb2 16. Qc4+) 10... Nd7 11. Nxd7 Nxc3 12. bxc3 Qxd7 13. c4 c6 14. Qa4 $2 b5 $1
15. cxb5 cxb5 16. Qb3 (16. Qa5 Bd8 17. Qb4 Be7 18. Qa5 Bd8 $11) 16... b4 17. a3
bxa3 $6 (17... a5 18. axb4 Bxb4 19. Rfc1 Rad8 20. Ra2 Ba6 21. Rac2 Bc4 22. Rxc4
dxc4 23. Qxc4 $11) 18. Bc1 Ba6 $2 19. Qxd5 Rad8 20. Qxd7 Rxd7 21. Bf3 Bb5 22.
Bxa3 Re8 $2 (22... Bxa3 23. Rxa3 Rxd4 24. Rxa7 Rd2 25. Re7 $14) 23. Rfb1 $1 a6
(23... Bxa3 24. Rxb5 Bf8 25. Bc6 $18) 24. Rxb5 $1 axb5 25. Bc6 Ra7 (25... Rdd8
26. Bxe8 b4 27. Bxf7+ Kxf7 28. Bb2) 26. Bxe8 Rxa3 27. Rxa3 Bxa3 28. Bxb5 {
MA|_me avec les fous de couleurs opposA es, la finale est gagnante} 28... Kf8
29. Kg2 Ke7 30. Kf3 Kd6 31. e4 Bc1 (31... f5 $1 32. e5+ Kd5 33. Kf4 Bb2 $1 34.
Kxf5 Bxd4 35. f4) 32. h4 f6 33. Ke2 Ba3 34. f4 Bb4 35. h5 g5 $2 36. fxg5 fxg5
37. Bc4 (37. g4 $1 $18) 37... g4 38. Ke3 Bc3 39. e5+ Ke7 40. Be2 Be1 41. Kf4
Bd2+ 42. Kf5 Be1 43. Bxg4 Bxg3 44. d5 Bh4 45. h6 $1 Kf7 46. d6 Ke8 47. e6 Kf8
48. Bh5 Bd8 49. Ke5 Bg5 50. Kd5 Bh4 51. Kc6 Bg5 52. Kd7 1-0

[Event "Interclubs Francophonie 2019"]
[Site "?"]
[Date "2019.05.19"]
[Round "3"]
[White "Czuczai, Jeno"]
[Black "Anciaux, Marc"]
[Result "1-0"]
[WhiteElo "2044"]
[BlackElo "2133"]
[Annotator "Etienne Cornil"]
[PlyCount "103"]
[SourceDate "2019.06.19"]

1. Nf3 Nf6 2. g3 d5 3. Bg2 e6 4. d4 Be7 5. O-O O-O 6. b3 b6 7. Bb2 Bb7 8. Ne5
Nfd7 ({C'est l'autre cavalier qui doit se rendre en d7 :} 8... Nbd7 9. Nxd7
Qxd7 10. Nd2 c5 11. dxc5 bxc5 12. e4 dxe4 13. Bxf6 gxf6 14. Nxe4 Qxd1 15. Rfxd1
Bxe4 16. Bxe4 Rad8 17. Kf1 {(Chabanon J-L. - Jolly F., Agen 2017)}) 9. c4 f6
10. Nd3 Re8 11. Nc3 Nf8 12. Rc1 c6 13. cxd5 cxd5 14. e3 Nc6 15. h4 Bc8 16. f4
f5 17. h5 Ba6 18. Rf2 Nd7 $2 (18... Rc8 $14) 19. Nxd5 $1 exd5 20. Bxd5+ Kh8 21.
Bxc6 Bxd3 (21... Rc8 22. d5 $18) 22. Qxd3 Nc5 23. Rxc5 bxc5 24. Bxe8 Qxe8 25.
h6 Bf6 (25... gxh6 26. dxc5+ Kg8 27. Qd4 {1-0}) 26. hxg7+ Bxg7 27. dxc5 Qe7 28.
Bxg7+ Kxg7 29. Qd4+ Kg6 30. Rg2 h5 31. b4 Kh7 32. Qd3 Qe6 33. Qd4 Rg8 34. a3 h4
35. gxh4 Rxg2+ 36. Kxg2 Qa2+ 37. Kf3 Qb1 38. Qd7+ Kh8 39. Qd8+ Kh7 40. Qe7+ Kh8
41. Qf8+ Kh7 42. Qf7+ Kh8 43. Qf6+ Kh7 44. Qe7+ Kh8 45. Qd8+ Kh7 46. Qd7+ Kh8
47. Qd4+ Kh7 48. Ke2 Qc2+ 49. Qd2 Qe4 50. Qd3 Qg2+ 51. Kd1 Kg6 52. h5+ 1-0

[Event "Interclubs Francophonie 2019"]
[Site "?"]
[Date "2019.05.19"]
[Round "3"]
[White "Bikady, Claude"]
[Black "Miulescu, G."]
[Result "1/2-1/2"]
[WhiteElo "1907"]
[BlackElo "2041"]
[Annotator "Etienne Cornil"]
[PlyCount "71"]
[SourceDate "2019.06.19"]

1. d4 Nf6 2. Nf3 g6 3. Bf4 d5 4. Nc3 Bg7 5. e3 O-O 6. Be2 c6 (6... c5) 7. h3 (
7. Ne5 Nbd7 8. h4 h5 9. Qd2 Nxe5 10. Bxe5 b5 11. f3 Bh6 12. Bd3 Nd7 13. Bf4 Bg7
14. Bg5 b4 15. Ne2 c5 {(Stripunsky A. - Naroditsky D., Saint-Louis 2011)}) 7...
Nbd7 8. Ne5 a5 9. a4 Nxe5 10. Bxe5 Be6 11. O-O Qc8 {(Une construction
particuliA..re visant le pion h3 ? Ou bien en vue de pousser en c5 ?)} 12. Ra3
Rd8 13. f4 Bf8 14. g4 {(Les Blancs prennent les armes)} 14... Ne8 (14... Ne4 $5
) 15. f5 gxf5 16. g5 f6 17. Bf4 Bf7 18. gxf6 Nxf6 19. Be5 ({
Une autre piste tout aussi compliquA e A  A valuer est :} 19. Kh2 e5 20. dxe5
Bxa3 21. bxa3 Ne4 22. Rg1+ Kf8 23. Bh6+ Ke8 24. Bh5 Qe6 25. Nxe4 Qxh6 26. Nf6+
Ke7 27. Bxf7 Kxf7 28. Qf3 $13) 19... Bg7 20. Qe1 Kh8 21. Qh4 Rg8 22. Kh1 Bg6
23. Rg1 Bf7 24. Raa1 Qe6 25. Raf1 Nd7 26. Bxg7+ Rxg7 27. Rxg7 Kxg7 28. Qg5+ Bg6
29. Bd3 Rf8 (29... f4 30. Rf3 {
(Il faut bien dA fendre d'une faAPon ou d'une autre le pion h3)} 30... Kh8 31.
Bxg6 Qxg6 32. Qxg6 hxg6 33. Rxf4 $11) 30. Ne2 Qf6 31. Qg3 Kh8 32. Qc7 Be8 33.
Rxf5 (33. Qxb7 $2 Rg8 34. Nf4 (34. Rg1 Qe6 35. Rxg8+ Kxg8 36. Qc8 Kf7 37. Ng1
Qxe3 $15) 34... Qg5 $17) 33... Qe6 34. Rxf8+ Nxf8 35. Qg3 Bg6 36. Bxg6 1/2-1/2